A határvidék markáns bája Mészáros András hatvanéves
Elmentve itt :
| Szerző: | |
|---|---|
| Adatforrás: | Philobibl |
| Forrásdokumentuma: | Fórum 12.2010:1. p. 127-138. |
| Dokumentumtípus: | Cikk |
| Nyelv: | magyar |
| Kulcsszavak: | Mészáros András filozófia, magyar |
| LEADER | 00372nab a2200121 c 4500 | ||
|---|---|---|---|
| 001 | bibPHI0037861 | ||
| 005 | 20200924123905.4 | ||
| 008 | 100512s2010 xo hun | ||
| 100 | 1 | |a Mester Béla | |
| 245 | 1 | 2 | |a A határvidék markáns bája |b Mészáros András hatvanéves |c Mester Béla |
| 695 | |a Mészáros András | ||
| 695 | |a filozófia, magyar | ||
| 773 | 0 | |t Fórum |g 12.2010:1. p. 127-138. | |